000
003070000a22001450004500
003
MACL
040
_a
MACL
090
_c
6351
_d
6350
100
_a
Ranchan, Som P
245
_a
An Anatomy Of Indian Psyche
260
_b
Ajanta Publications
_c
1987
350
_a
80
650
_a
Psychology
942
_c
BOOK
_k
150
999
_c
6303
_d
6303